01199 a2200181 45000010006000000050017000060080041000230030015000640400040000790800130001192450100002490200018003492640044003673000019004115050536004301000022009667000029009883301220260407155625.0260407a1991 arg spa dAR-UNSa-BCEJYS aAR-UNSa-BCEJYSbspacAR-UNSa-BCEJYS a658.01xMetodología. Teoría y práctica de la organización( teoria de la organización, análisis organizacional...)10aEn busca de la excelenciapexperiencias de las empresas mejor gerenciadas de los estados unidos a958-04-0381-3 1aBogotá :bGrupo Editorial Normac1991 a340 p.c17 cm. aI: lo que debe conservarse: 1. El éxito de algunas empresas norteamericanas - II: Hacia una nueva teoria : 2. El modelo racional - 3. Elhombre en espera dde motivación - III: 4. El manejo de la ambigüedad y la paradoja - 5. Predisposción para la acción - 6. Aceracmiento al cliente - 7. Autonomía y espíritu emnpresarial - 8. Productividad para el personal - 9. Movilización alrededor de un valor clave - 10. Zapatero, a tus zapatos - 11. Estructura simple, y poco personal - 12. Flexibilidad y rigor simultáneos.1 aPeters, Thomas J.1 aWaterman, Robert H., Jr.